| 000 | 00920na a2200277 4500 | ||
|---|---|---|---|
| 001 | 18349 | ||
| 003 | MIRAKIL | ||
| 005 | 20181213155206.0 | ||
| 008 | 161117b tu 000 0 | ||
| 035 | _a18349 | ||
| 040 |
_aMilas _btur _cTR-AnCHP |
||
| 041 | _atur | ||
| 082 |
_a327 _bK64m 1981 |
||
| 090 | _a327 K64m 1981 | ||
| 100 | _aKoloğlu, Orhan | ||
| 245 |
_aMustafa Kemal'in yanında iki Libya'lı lider _bAhmet Şerif - Süleyman Baruni _cOrhan Koloğlu |
||
| 246 | _aAhmet Şerif - Süleyman Baruni | ||
| 260 |
_aAnkara _bLibya Arap Halk Sosyalist Cemahiriyesi Ankara Halk Bürosu Kültür Merkezi Yayını _c1981 |
||
| 300 |
_a168 s. _bfotg. _c20 sm. |
||
| 500 | _aYapıt Osmanlı Türkçesi metinler içerir. | ||
| 600 | _aŞerif, Ahmet | ||
| 600 | _aBaruni, Süleyman | ||
| 600 |
_aAtatürk, M. Kemal _xDış politika |
||
| 650 |
_aSiyaset ve yönetim _xDış politika _zTürkiye |
||
| 942 |
_2dcc _cBKS |
||
| 999 |
_c8289 _d8289 |
||